000 00463nam a22001697a 4500
003 NUST - PNEC
005 20170116181020.0
008 150915b xxu||||| |||| 00| 0 eng d
020 _a9812530231
040 _cLIBRARY
082 _a621.395 PAR
100 _910646
_aWolf, Marilyn
245 _aModern VLSI design : a systems approach
_cMarilyn Wolf
260 _cc.1999
650 _910649
_aLogic circuits--Computer-aided design
_xMIS, EE
942 _2ddc
_cBK
999 _c67402
_d67402